Fundamentals of construction estimating / (Record no. 23339)
[ view plain ]
| 000 -LEADER | |
|---|---|
| fixed length control field | 00950cam a22002655a 4500 |
| 001 - CONTROL NUMBER | |
| control field | 16085051 |
| 005 - DATE AND TIME OF LATEST TRANSACTION | |
| control field | 20161127110156.0 |
| 008 - FIXED-LENGTH DATA ELEMENTS--GENERAL INFORMATION | |
| fixed length control field | 100204t2011 nyua fr 001 0 eng d |
| 020 ## - INTERNATIONAL STANDARD BOOK NUMBER | |
| International Standard Book Number | 9781439059647 |
| 020 ## - INTERNATIONAL STANDARD BOOK NUMBER | |
| International Standard Book Number | 1439059640 |
| 040 ## - CATALOGING SOURCE | |
| Original cataloging agency | YDXCP |
| Transcribing agency | YDXCP |
| Modifying agency | UPM |
| -- | Z5U |
| -- | Y8N |
| -- | DLC |
| -- | EG-ScBUE |
| Language of cataloging | eng |
| 082 04 - DEWEY DECIMAL CLASSIFICATION NUMBER | |
| Edition number | 22 |
| Classification number | 692.5 |
| Item number | PRA |
| 100 1# - MAIN ENTRY--PERSONAL NAME | |
| Personal name | Pratt, David J., |
| Dates associated with a name | 1946- |
| 245 00 - TITLE STATEMENT | |
| Title | Fundamentals of construction estimating / |
| Statement of responsibility, etc | David J. Pratt. |
| 250 ## - EDITION STATEMENT | |
| Edition statement | 3rd ed. |
| 260 ## - PUBLICATION, DISTRIBUTION, ETC. (IMPRINT) | |
| Place of publication, distribution, etc | Clifton Park : |
| Name of publisher, distributor, etc | Wadsworth Cengage Learning, |
| Date of publication, distribution, etc | c.2011. |
| 300 ## - PHYSICAL DESCRIPTION | |
| Extent | xiv, 482 p. : |
| Other physical details | ill. ; |
| Dimensions | 29 cm. |
| 500 ## - GENERAL NOTE | |
| General note | Includes index. |
| 538 ## - SYSTEM DETAILS NOTE | |
| System details note | System requirements: PC with Windows XP w/ SP2, Vista 7; hard drive 200 MB, 8x CD-ROM or DVD-ROM drive; sound card and Internet connection. |
| 650 #7 - SUBJECT ADDED ENTRY--TOPICAL TERM | |
| Topical term or geographic name as entry element | Building |
| General subdivision | Estimates. |
| Source of heading or term | BUEsh |
| 9 (RLIN) | 20186 |
| 650 #7 - SUBJECT ADDED ENTRY--TOPICAL TERM | |
| Topical term or geographic name as entry element | Building |
| General subdivision | Estimates |
| -- | Data processing. |
| Source of heading or term | BUEsh |
| 9 (RLIN) | 28979 |
| 651 ## - SUBJECT ADDED ENTRY--GEOGRAPHIC NAME | |
| Source of heading or term | BUEsh |
| 653 ## - INDEX TERM--UNCONTROLLED | |
| Resource For college | Engineering, General |
| Arrived date list | November2016 |
| 942 ## - ADDED ENTRY ELEMENTS (KOHA) | |
| Source of classification or shelving scheme | Dewey Decimal Classification |
| Withdrawn status | Item status | Source of classification or shelving scheme | Damaged status | Not for loan | Vendor | Home library | Current library | Shelving location | Date acquired | Source of acquisition | Cost, normal purchase price | Serial Enumeration / chronology | Total Checkouts | Full call number | Barcode | Date last seen | Cost, replacement price | Koha item type |
|---|---|---|---|---|---|---|---|---|---|---|---|---|---|---|---|---|---|---|
| Dewey Decimal Classification | Baccah | Central Library | Central Library | First floor | 27/11/2016 | Purchase | 520.00 | 25145 | 692.5 PRA | 000040061 | 15/07/2025 | 650.00 | Book - Borrowing |